000
00320nam a2200121Ia 4500
008
231129s1956||||xx |||||||||||||| ||spa||
082
_a
HAJ- 0278
100
_a
Locke John
245
0
_a
Ensayo sobre el entendimiento humano
260
_c
1956
264
_a
México: Fondo de Cultura Económica 1956
942
_2
ddc
_c
BKS
999
_c
13108
_d
13108